| 000 | 00942cab a2200337 4500 | ||
|---|---|---|---|
| 001 | ABS58275 | ||
| 008 | 090401t1998 xxu||||| |||| 00| 0 eng d | ||
| 035 | _a(Sirsi) u84293 | ||
| 041 | _aeng | ||
| 245 | _aRegional survey: Cheshire and north Wales | ||
| 260 | _c1998 | ||
| 350 | _a0 | ||
| 490 |
_aProperty Week _v61(6) 13 February 1998, 74-90(7) |
||
| 650 | _aBANGOR | ||
| 650 | _aBIRKENHEAD | ||
| 650 | _aCARDIFF | ||
| 650 | _aCHESHIRE | ||
| 650 | _aCHESTER | ||
| 650 | _aCOLWYN BAY | ||
| 650 | _aDEVOLUTION | ||
| 650 | _aINDUSTRIAL MARKET | ||
| 650 | _aLLANDUDNO | ||
| 650 | _aNORTH WALES | ||
| 650 | _aPROPERTY-COMMERCIAL PROPERTY-OFFICE PROPERTY-OFFICE PROPERTY MARKET | ||
| 650 | _aPROPERTY-COMMERCIAL PROPERTY-RETAIL PROPERTY-RETAIL PROPERTY MARKET | ||
| 650 | _aWARRINGTON | ||
| 650 | _aWREXHAM | ||
| 690 | _aPROPERTY-COMMERCIAL PROPERTY-COMMERCIAL PROPERTY MARKET | ||
| 942 | _n0 | ||
| 948 | _c17/02/1998 | ||
| 999 |
_c52966 _d52966 |
||